Za komunistickou výchovu mladé generace : referát Jiřího Hendrycha, který pronesl na zasedání ÚV KSČ, Praha, listopad 1961

Hlavní autor: Hendrych, Jiří, 1913-1979
Jazyk: Čeština
Vydáno: Brno : Ústřední výbor ČSM, 1961
Témata:
Fyzický popis: 15 s.
Knihy
Uloženo v:
LEADER 00711nam a22001811a 4500
001 000699249
003 CZ BrMZK
005 20031208083003.0
008 031208s1961 xr f cze d
040 |a BOA001  |b cze  |c BOA001 
100 1 |a Hendrych, Jiří,  |d 1913-1979  |7 jk01040726  |4 aut 
245 1 0 |a Za komunistickou výchovu mladé generace :  |b referát Jiřího Hendrycha, který pronesl na zasedání ÚV KSČ, Praha, listopad 1961 
260 |a Brno :  |b Ústřední výbor ČSM,  |c 1961 
300 |a 15 s. 
910 |a BOA001  |b PK-0028.912 
964 |a Mládež - výchova komunistická - usnesení ÚV KSČ 
990 |a BK 
996 7 |b 3119692875  |c PK-0028.912  |l MZK  |r Sklad / do 1 hodiny  |n 1  |w 000699249  |u 000010  |a 1  |e BOA001  |j MZK50  |s A